| 000 | 00503nam a2200181Ia 4500 | ||
|---|---|---|---|
| 003 | GCL | ||
| 008 | 140319s9999 xx 000 0 eng d | ||
| 040 |
_aGCL / _cGCL |
||
| 082 | 0 | 4 |
_a621.3192 _bI B |
| 100 | 1 | _aIRWIN, J.DAVID | |
| 245 | 1 | 0 |
_aBASIC ENGINEERING CIRCUIT ANALYSIS, 3rd ed. / _cIRWIN, J.DAVID |
| 700 | 1 | _aMARIE, GERI | |
| 700 | 1 | _aLYNNE, LAURA. | |
| 260 |
_a[S.N] : _bMACMILLAN PUBLESHING COMPANY ، _c1990 |
||
| 300 | _a936 P | ||
| 650 | 0 | 4 | _aELECTRIC CIRCUIT ANALYSIS |
| 942 |
_2ddc _cBK |
||
| 999 |
_c20786 _d20786 |
||